000 00335nam a22001457a 4500
008 221130b ||||| |||| 00| 0 eng d
020 _a9781285752297
041 _aeng
080 _211TH EDITION
_a615
082 _a615 HOE
100 _a16.2
101 _aEGZ
245 _aFITNESS & WELLNESS
_cHOEGER K.W WERNER
942 _2udc
_cBK
999 _c59050
_d59050